Teachers handbook in elementary mathematics (Record no. 1851)

MARC details
000 -LEADER
fixed length control field 00775 a2200205 4500
010 ## - LIBRARY OF CONGRESS CONTROL NUMBER
LC control number ENG-85254
020 ## - INTERNATIONAL STANDARD BOOK NUMBER
International Standard Book Number 8170634660
Terms of availability 200.00
035 ## - SYSTEM CONTROL NUMBER
System control number EN-68787
037 ## - SOURCE OF ACQUISITION
Source of stock number/acquisition D.B.Act / Pub
082 14 - DEWEY DECIMAL CLASSIFICATION NUMBER
Classification number 510
090 ## - LOCALLY ASSIGNED LC-TYPE CALL NUMBER (OCLC); LOCAL CALL NUMBER (OCLC)
-- 1883
-- 1883
100 1# - MAIN ENTRY--PERSONAL NAME
Personal name Siddiqi, M. N.
245 1# - TITLE STATEMENT
Title Teachers handbook in elementary mathematics
Statement of responsibility, etc by M. N. Siddiqi and R. K . Miglani
Remainder of title for DIETs-ETE Ist and IInd year (a teachers guide for pre-service and in-service teacher)
260 ## - PUBLICATION, DISTRIBUTION, ETC. (IMPRINT)
Place of publication, distribution, etc New Delhi
Name of publisher, distributor, etc Arya Book Depot
Date of publication, distribution, etc 2007
270 ## - ADDRESS
Address 30, Naiwala, Karol Bagh
City New Delhi
State or province Delhi
Postal code 110005
Telephone number 25721221
Fax number 25746324
300 ## - PHYSICAL DESCRIPTION
Extent 449 p.
Dimensions 22 cm. (Pbk)
700 1# - ADDED ENTRY--PERSONAL NAME
Personal name Miglani, M. N.
942 ## - ADDED ENTRY ELEMENTS (KOHA)
Institution code [OBSOLETE] dpl
Koha item type English Books
Call number prefix 510 / SID
Holdings
Withdrawn status Lost status Source of classification or shelving scheme Damaged status Not for loan Collection code Home library Current library Source of acquisition Cost, normal purchase price Total Checkouts Full call number Barcode Date last seen Copy number Uniform Resource Identifier Cost, replacement price Price effective from Koha item type
    Dewey Decimal Classification   Not For Loan Non-fiction D.B.Act.Division D.B.Act.Division DBAD/PUB 200.00   510 SID EN-68787 15/09/2008 1 1960 200.00 15/09/2008 English Books

© Delhi Public Library
Hit Counter
free hit counter